000 00470nam a22001697a 4500
005 20250721103402.0
008 250721b |||||||| |||| 00| 0 eng d
020 _a0-618-51999-8
100 _aCAROLYN F. SIEGEL
245 _aINTERNET MARKETING: FOUNDATIONS AND APPLICATIONS
250 _a2ND ED.
260 _aNEW YORK
_bHOUGHTON MIFFLIN COMPANY
_c2006
300 _aXVIII,386P.
500 _aINCLUDES AN INDEX
650 _aINTERNET MARKETING
942 _2lcc
_cBK
999 _c215945
_d215945